Economía y sociedad en Costa Rica: 1978-1986

Enregistré dans:
Détails bibliographiques
Auteur principal: Reuben Soto, Sergio
Collectivité auteur: Universidad de Costa Rica. Facultad de Ciencias Sociales. Instituto de Investigaciones Sociales
Format: Texte
Publié: San José: UCR. IIS
Tags: Ajouter un tag
Pas de tags, Soyez le premier à ajouter un tag!

MARC

LEADER 00000 a a2200000 04500
001 21720
003
040 |a CRAI/IIS  |c CRAI/IIS 
090 |a 097100  
100 |a Reuben Soto, Sergio  
110 |a Universidad de Costa Rica. Facultad de Ciencias Sociales. Instituto de Investigaciones Sociales  
245 |a Economía y sociedad en Costa Rica: 1978-1986  
260 |a San José:   |b UCR. IIS  
300 |a 108 p.  
999 |c 6343  |d 6343